MDQL
is popping MORE tags! Check the
thread
!
Quizzes
Events
Quiz Creation
Community
Videos
Private Events
Remove Ads
Sign In
Join for FREE
Feedback
Dark Mode
Quiz Categories
Sports
Geography
Music
Movies
Television
Just For Fun
Miscellaneous
History
Literature
Language
Science
Gaming
Entertainment
Religion
Holiday
For Kids
Quiz Lab
Recent
Popular Today
Quiz Kudos Today
Editor Picks
Curator Picks
Quizzes by...
Day
Popularity
Type
Ratings
Length
Year
Community
Subscriptions
Recent Discussions
Orange Saloon
Badges
Playlists
Quests
Create
Leaderboards
Showdown
Live 5
Trivia Bingo
Activity
Puzzle Library
Sporcle Events
Private Events
Virtual Trivia
Globe League
Become a Host
Pub Owners
SporcleCon
Opinionation
Our Games
Videos
Blog
Mobile Apps
Partnerships
Remove Ads and Go Orange
Feedback
Music
Pop Music
The Beatles
Song
Album
Lyrics
Bands
Singers
Artist
Clip
Rock
Rap
Classical
Billboard
Country Music
Kpop
Taylor Swift
Music
Pop Music
The Beatles
Song
Album
Lyrics
Bands
Singers
Artist
Clip
Rock
Rap
Classical
Billboard
Country Music
Kpop
Taylor Swift
Random Quiz
Search Sporcle
×
Quiz Lab
Quiz Lab
Music
Song
Type in answers that appear in a list
Type in answers that appear in a list
Classic
Best Score? Go Orange.
Dr. Dre's 2001 Stats
Can you name the tracks from Dr. Dre's 2001?
By
WolfiesJustFine
4m
22 Questions
754 Plays
754 Plays
754 Plays
Comments
Comments
Give Quiz Kudos
Give Quiz Kudos
-
- Ratings
hide this ad
More Info
Replay
Link that replays current quiz
Next Quiz
Link to next quiz in quiz playlist
You Got
0%
They Got
Avg Score
53%
Avg Friend Score
Upgrade to see
Score Distribution
Jump to the score distribution portion of the page
Score
0/22
Timer
04:00
0
Plays Today
Track Number
Title
% Correct
4
Still D.R.E.
91.2%
10
Forgot About Dre
85%
11
The Next Episode
78.4%
2
The Watcher
71.5%
7
What's The Difference
71.2%
6
Xxplosive
63%
3
**** You
62.5%
1
Lolo (Intro)
50.4%
21
Bang Bang
49.9%
22
The Message
49.9%
18
Pause 4 Porno
48.5%
Track Number
Title
% Correct
13
Bitch Niggaz
46.7%
19
Housewife
45.2%
20
Ackrite
45.1%
14
The Car Bomb
43.9%
5
Big Ego's
43.2%
12
Let's Get High
42.6%
15
Murder Ink.
41.4%
17
Some L.A. Niggaz
41.4%
9
Light Speed
40.7%
8
Bar One
33.4%
16
Ed-Ucation
28.1%
Quiz Playlist
Details
Report
Send in Message
Add To Playlist
More Info:
also known as The Chronic 2001
Classic:
Type in answers that appear in a list
Quiz Source
Last Updated: Feb 16, 2017
Quiz Scoreboard
CHALLENGE
Sign Up to Join the Scoreboard
Show All
Scores
Hide
Comments
May contain spoilers
Recently Published
5x2 Blitz: Bands
by SL_Kpop136
Music
30s
Colored Red Africa Blitz
by spor1
Geography
30s
Find the 'City' Movie
by crazypaving
Movies
60s
More to Explore
Quiz From the Vault
Featured Blog Post
14 Easter Pick-up Lines to Find Eggs With
hide this ad
You Might Also Like...
Tags
Album Quiz
Rap Quiz
Song Quiz
Hip-Hop
Music Tracks
Rap Albums
Rap Songs
track
Today's Top Quizzes in Music
Browse Music
hide this ad
Today's Top Quizzes in Song
Browse Song
Top Contributed Quizzes in Music
1
5X2 Blitz: Bands II
2
Taylor Swift All Songs (2024)
3
Taylor Swift Logic Puzzle II
4
5X2 Blitz: The Beatles
5
5X2 Blitz: Billboard
6
Taylor Swift Logic Puzzle
7
5X2 Blitz: Billboard II
8
5X2 Blitz: Album
9
5X2 Blitz: Singers
10
Music Artist by Three 2010s hits
Explore More
Trending Topics
Disney
Marvel
Kpop
Harry Potter
NBA
Anime
Crossword
Puzzle
Country
The Office
WWE
Song
NFL
Soccer
Pokémon
hide this ad
More By:
WolfiesJustFine
Quiz
Plays
Rating
Category
Featured
Created
Dr. Dre's 2001
754
5.00
Music
Nov 23, 2010
Chrono Cross Playable Characters
97
5.00
Gaming
Dec 10, 2009
XBox 360 U.S. Launch Titles
57
2.00
Gaming
Dec 9, 2009
Go to Creator's Profile
Score Distribution
Quiz Creator Spotlight
WolfiesJustFine
Follow
Send a Message
Quizzes Created
-
Created Quiz Play Count
-
More By This Creator
Popular Quizzes Today
1
Find the 'City' Movie
2
Colored Red Africa Blitz
3
Find the US States - No Outlines Minefield
4
5x2 Blitz: Bands
5
The Countries of the World
6
Find the US States
7
US States
8
9x9 Crossword: Cartoon Network
More Music Quizzes
Kpop Knowledge Crossword
Quiz Lab
Trending Quizzes
Colored Red Europe Blitz I
Colored Red Africa Blitz II
Colored Red Europe Blitz II
Colored Red Africa Blitz III
Colored Red Europe Blitz III
Recently Updated
Famous TV Couples
Peacemaker
Champions League XIs: Real Madrid
pecheneg
Largest US Cities 1790-2010
pecheneg
Rides in Walt Disney World
pecheneg
Most Oscar Losses (Acting)
pecheneg
Beyoncé Albums
pecheneg
Leaping Animals
pecheneg
Reality TV Shows (A-Z)
bhenderson79
Rickey Henderson's Hall of Fame Teammates
pecheneg
Champions League XIs: Arsenal
pecheneg
Trending Topics
Anime
Crossword
Disney
Kpop
Harry Potter
NBA
Marvel
The Office
WWE
Puzzle
Song
Pokémon
NFL
Soccer
Country
Your Account Isn't Verified!
In order to create a playlist on Sporcle, you need to verify the email address you used during registration. Go to your
Sporcle Settings
to finish the process.
Report this User
Report this user for behavior that violates our
Community Guidelines
.
Details:
Send Report
Go to the Sporcle.com Mobile Site →
Comments